000 00296nam a22001337a 4500
008 170925b xxu||||| |||| 00| 0 eng d
020 _a9781570353536
041 _aeng
080 _a37
100 _a46
101 _aEDU
245 _aDEC RECOMENDED PRACTICES
_cSANDALL.S
942 _2udc
_cBK
999 _c29707
_d29707